ՀՀ Գիտությունների ազգային ակադեմիայի հիմնարար գիտական գրադարան  =   Fundamental Scientific Library of NAS RA

Զօրավար Անդրանիկ եւ իր պատերազմները ։ (Record no. 535029)

MARC details
000 -LEADER
fixed length control field 01770nam a2200289 a 4500
001 - CONTROL NUMBER
control field 1690010
003 - CONTROL NUMBER IDENTIFIER
control field AM-YEHGA
005 - DATE AND TIME OF LATEST TRANSACTION
control field 20250702094034.0
008 - FIXED-LENGTH DATA ELEMENTS--GENERAL INFORMATION
fixed length control field 200205s2019 ai c||||r|||| 000 mdarm|d
020 ## - INTERNATIONAL STANDARD BOOK NUMBER
International Standard Book Number 978-9939-75-439-0
040 ## - CATALOGING SOURCE
Original cataloging agency AM-YEHGA
041 0# - LANGUAGE CODE
Language code of text/sound track or separate title arm
100 1# - MAIN ENTRY--PERSONAL NAME
Personal name Մարմարեան, Արսէն
245 10 - TITLE STATEMENT
Title Զօրավար Անդրանիկ եւ իր պատերազմները ։
Remainder of title [Ժողովածու] /
Statement of responsibility, etc. Ա․ Մարմարեան (Լեւոն Թիւթիւնճեան-Վահան Թոթովենց) ; Յաւելուածը կազմեց եւ խմբագրեց՝ Յ․ Նալպանտեան․
260 ## - PUBLICATION, DISTRIBUTION, ETC.
Place of publication, distribution, etc. Երևան :
Name of publisher, distributor, etc. [Էդիթ Պրինտ],
Date of publication, distribution, etc. 2019․
300 ## - PHYSICAL DESCRIPTION
Extent 654 էջ ;
Dimensions 24 սմ․
490 0# - SERIES STATEMENT
Series statement Յովսէփ եւ Գարոլին Նալպանտեան մատենաշար
500 ## - GENERAL NOTE
General note Արսեն Մարմարեան = (Լեւոն Թիւթիւնճեան-Վահան Թոթովենց):
500 ## - GENERAL NOTE
General note Ձօն հայազգի մեծագոյն եւ անկրկնելի Զօրավար Անդրանիկին ծննդեան 155 ամեակին առթիւ։ Կազմին՝ Անդրանիկի դիմանկարը։
504 ## - BIBLIOGRAPHY, ETC. NOTE
Bibliography, etc. note Օգտագործուած աղբիւրներ՝ էջ 637-638։ Անձնանունների ցանկ՝ էջ 639-649։ Մատենաշարով լոյս ընծայուած հրատարակություններ՝ էջ 650-654։
546 ## - LANGUAGE NOTE
Language note Բնագիրը՝ արևմտահայերեն
600 04 - SUBJECT ADDED ENTRY--PERSONAL NAME
Personal name Անդրանիկ,
Fuller form of name (Օզանյան Անդրանիկ Թորոսի),
Dates associated with a name 1875-1927
9 (RLIN) 990
650 14 - SUBJECT ADDED ENTRY--TOPICAL TERM
Topical term or geographic name entry element Հայ պատմական գործիչներ
700 1# - ADDED ENTRY--PERSONAL NAME
Personal name Աւետիս, Ռազմիկ
Relator term առաջաբանի հեղ․
Relationship aui
700 1# - ADDED ENTRY--PERSONAL NAME
Personal name Նալպանտեան, Յովսէփ,
Relator term կազմող
Relationship com
Relator term խմբագիր
Relationship edt
Dates associated with a name 1958-
942 ## - ADDED ENTRY ELEMENTS (KOHA)
Source of classification or shelving scheme Universal Decimal Classification
Koha item type Գրքեր / Books
Holdings
Withdrawn status Lost status Source of classification or shelving scheme Damaged status Not for loan Collection Home library Current library Date acquired Total checkouts Full call number Barcode Date last seen Price effective from Koha item type Public note
    Universal Decimal Classification     General Fundamental Scientific Library Fundamental Scientific Library 30/05/2025   AII/113228 FL0693852 30/05/2025 30/05/2025 Գրքեր / Books 30 Days Loan


ՀՀ ԳԱԱ հիմնարար գիտական գրադարան
ՀՀ,Երևան 0019
Մարշալ Բաղրամյան 24/6
հեռախոս:(374-10) 52-47-50
Հետադարձ կապ

All site content, except where otherwise noted, is licensed under a
Creative Commons License